000 00655cam a2200241 4500
008 090401t1989 xxu||||| |||| 00| 0 eng d
020 _a0728201283
035 _a(Sirsi) u26326
041 _aeng
050 _a333.0072
245 _aProperty research
260 _aLondon
_bEstates Gazette
_c1989
300 _a74p. ; 22cm.
350 _a8.5
490 _aEstates Gazette Professional Guides
520 _aProduced for Estates Gazette by Leaf Coppin Publishing Ltd.
650 _aPROPERTY-COMMERCIAL PROPERTY
650 _aPROPERTY INVESTMENT
650 _aSHOPS
700 _aStapleton, Tim
_xEditor
942 _n0
948 _c04/03/1997
999 _c88919
_d88919